00525nam a2200145 i 4500001000700000003000900007005001700016008004100033100003400074245006700108260007200175300004000247650002300287852006900310164227ES-MaACL20240312215327.0970318s1856 sp a |||| | spa d1 aSaavedra, Eduardo,d1829-191210aTeoría de los puentes colgados / cpor Don Eduardo Saavedra. aMadrid : b[s.n.], c1856 (fImprenta de D. José C. de la Peña) a108 p., [2] h. de lám. ; c21 cm. 4aPuentes colgantes. aES-MaACLjT-183-F-4 z-- Enc. hol. z-- Enc. en un vol. facticio